| 000 | 01520cam a2200337 a 4500 | ||
|---|---|---|---|
| 001 | 516276 | ||
| 003 | ARRUPE | ||
| 005 | 20141210133436.0 | ||
| 008 | 860509s1987 miu b 100 0 eng | ||
| 010 | _a 86012948 | ||
| 020 | _a0879078944 | ||
| 040 |
_aDLC _cDLC _dDLC |
||
| 041 | 1 | _aengfre | |
| 050 | 0 | 0 |
_aBX4705.W559 _bC65 1976 |
| 082 | 0 | 0 |
_a271/.1/024 _219 |
| 111 | 2 |
_aColloque international d'histoire monastique _d(1976 : _cReims, France, and Saint-Thierry, France) _913232 |
|
| 240 | 1 | 0 |
_aSaint-Thierry. _lEnglish |
| 245 | 1 | 0 |
_aWilliam, Abbot of St. Thierry : _ba colloquium at the Abbey of St. Thierry / _ctranslated from the French by Jerry Carfantan. |
| 260 |
_aKalamazoo, Mich. : _bCistercian Publications, _cc1987. |
||
| 300 |
_a273 p. ; _c23 cm. |
||
| 440 | 0 |
_aCistercian studies series ; _vno. 94 _913233 |
|
| 500 | _aTranslation of: Saint-Thierry. Includes several texts in Latin and 2 articles written originally in English. | ||
| 500 | _aPapers originally presented at the Colloque international d'histoire monastique, Reims-Saint-Thierry, France, Oct. 11-14, 1987. | ||
| 504 | _aBibliography: p. 261-273. | ||
| 600 | 0 | 0 |
_aWilliam, _cof Saint-Thierry, Abbot of Saint-Thierry, _dapproximately 1085-1148? _xCongresses. _913234 |
| 650 | 0 |
_aMonasticism and religious orders _xHistory _yMiddle Ages, 600-1500 _xCongresses. _913235 |
|
| 700 | 1 |
_aCarfantan, Jerry. _913236 |
|
| 740 | 0 | _aWilliam, Abbot of Saint-Thierry. | |
| 906 |
_a7 _bcbc _corignew _d1 _eocip _f19 _gy-gencatlg |
||
| 942 |
_2lcc _cMONOGRAPH |
||
| 999 |
_c121444 _d121444 |
||